000
00334nam a22001457a 4500
020
_a
81-7231-523-6
041
_a
English
082
_a
297 SID
100
_a
Siddiqui, Moid
245
_a
Islam: A Religion with Wings
260
_a
New Delhi
_b
Islamic Book Service Pvt. Ltd.
_c
2013
300
_a
157
650
_a
Islam
942
_c
BK
999
_c
21026
_d
21026